Lyrics to 'Yo No Merezco Volver' by Morat - Statistics

General Stats
  • This quiz has been taken 38 times
  • The average score is 144 of 169
Answer Stats
Answer % Correct
a
100%
me
100%
merezco
100%
mi
100%
No
100%
no
100%
Nunca
100%
que
100%
Que
100%
quise
100%
te
100%
un
100%
volver
100%
Y
100%
yo
100%
bien
83%
conciencia
83%
Dale
83%
de
83%
deber
83%
derecho
83%
detestarme
83%
el
83%
es
83%
ganado
83%
ha
83%
has
83%
intentes
83%
las
83%
para
83%
perdonarme
83%
perdoné
83%
pobre
83%
respiro
83%
se
83%
será
83%
si
83%
todas
83%
tu
83%
83%
vas
83%
abiertas
67%
averiado
67%
Borra
67%
corazón
67%
digas
67%
dios
67%
en
67%
ese
67%
fácil
67%
frases
67%
Guarda
67%
hacerlo
67%
inventado
67%
jamás
67%
justo
67%
llamarme
67%
más
67%
medio
67%
mis
67%
Nadie
67%
nombre
67%
otra
67%
pecados
67%
pronuncies
67%
puertas
67%
quedaron
67%
Quema
67%
redima
67%
sea
67%
siga
67%
sigue
67%
silencio
67%
todos
67%
vano
67%
vez
67%
vida
67%
Ciérrame
50%
cuando
50%
foto
50%
fui
50%
Pierde
50%
seguirte
50%
sombra
50%
vuelve
50%
No matching quizzes found
Score Distribution
Percent of People with Each Score
Percentile by Number Answered
Your Score History
You have not taken this quiz